000 00881nam a2200253Ia 4500
003 OSt
005 20220923224613.0
006 a|||||r|||| 00| 0
007 ta
008 220922b |||||||| |||| 00| 0 hin d
020 _c200
024 _a246,093
037 _b376, 11/02/2011, Swaraj Prakashan
_cTextual
040 _aARTS
_cARTS
_bhin
041 _2hin
_ahin
082 _aO152,2x, Q0
100 _aचक्रवर्ती, निकिता
245 0 _aहॅंसते नाटक गाते नाटक
246 _aHaॅansate nāṭak gāte nāṭaka
260 _aदिल्ली
_b स्वराज मंदिर प्रकाशन
_c2010
300 _a112पृ.
_ccm.
942 _hO152,2x, Q0
_cTEXL
_2CC
999 _c372453
_d372453